000 00348nam a22001217a 4500
082 _a320.84
_bRAN
100 _aRANGA, O.P
245 _aTHE HARYANA PANCHAYATI RAJ ACT 1994 (HARYANA ACT No. 11 OF 1994)
260 _aCHANDIGARH
_bSINGLA LAW AGENCY
_c2021
300 _a261
653 _aHARYANA ,PANCHAYATI ,RAJ ,ACT 11 OF 1994)
942 _2ddc
_cBK
_08
999 _c22021
_d22021